| 000 | 00869nas a2200301 4500 | ||
|---|---|---|---|
| 001 | BR0903770 | ||
| 003 | BR-BrBNA | ||
| 005 | 20231205113449.0 | ||
| 007 | ta | ||
| 008 | 230509b bl.|||p| |||| 00| 00por d | ||
| 040 |
_aBR-BrBNA _bpor _cBiblioteca Nacional de Agricultura |
||
| 041 | _a(Pt) | ||
| 072 | _aL73 | ||
| 100 | 1 | _aVieira, R.H.S. dos F. | |
| 100 | 1 | _aLima, A. de S. | |
| 100 | 1 | _aMenezes, F.G.R. de | |
| 100 | 1 | _aCosta, R.A. | |
| 100 | 1 | _aSousa, O.V. de | |
| 100 | 1 | _aBarreto, N.S.E. | |
| 245 | 1 | _aVibrioses em camarão cultivado | |
| 650 | _aCAMARÃO | ||
| 650 | _aVIBRIOSE | ||
| 650 | _aBACTERIA | ||
| 773 | 0 |
_tArquivos de Ciências do Mar (Brazil) _xISSN 0374-5686 _g(2009), v. 42(1) p. 112-120 _wBR0903770 |
|
| 856 | 4 | 0 | _uhttp://www.aprh.pt/rgci/pdf/rgci-155_Borges.pdf |
| 909 |
_a202311 _bLúcia _c55 _dLúcia Elande |
||
| 942 |
_2AGRIS _n0 _cANA |
||
| 999 |
_c203907 _d203907 |
||